000 00348nam a2200157Ia 4500
001 21260
003 IN-NITTTR
005 20251114233242.0
008 251113s9999||||xx |||||||||||||| ||eng||
040 _beng
040 _cIN-NITTTR
041 _aeng
082 _a624.183412 H945P R
245 0 _aPrestressed concrete design /
942 _2ddc
_cBK
999 _c23890
_d23890